| 000 | 00975cam a22003134a 4500 | ||
|---|---|---|---|
| 999 |
_c3334 _d3334 |
||
| 001 | 72654950 | ||
| 003 | OCoLC | ||
| 005 | 20181108163203.0 | ||
| 008 | 061012s2004 enka 001 0 eng d | ||
| 020 | _a9781416502494 | ||
| 020 | _a1416502491 | ||
| 035 | _a(OCoLC)72654950 | ||
| 040 |
_aP4A _cP4A _dYDXCP _dKAAUA _dZ@L _dM6U _dOCLCQ |
||
| 050 | 4 |
_aBF637.S8 _bC873s 2004 |
|
| 082 |
_a158 _bC874s |
||
| 092 |
_a158 _bC873s 2004b |
||
| 100 | 1 |
_aCovey, Stephen R _d2004- |
|
| 245 | 1 | 4 |
_aThe 7 habits of highly effective people / _cStephen R. Covey |
| 246 | 3 | _aSeven habits of highly effective people | |
| 250 | _a15th anniversary ed | ||
| 260 |
_aLondon : _bPocket Books, _c2004 |
||
| 300 |
_a372 p. _bill. ; _c20 cm |
||
| 500 | _aIncludes indexes | ||
| 500 | _a"...with a new foreword and afterword by the author"--Cover | ||
| 500 | _a"Powerful lessons in personal change"--Cover | ||
| 650 | 0 | _aCharacter | |
| 650 | 0 |
_aSuccess _xPsychological aspects |
|
| 942 |
_2ddc _cBK |
||